000 00892nam a22002417a 4500
999 _c64868
_d64868
005 20240530110755.0
008 181227s2018 ua a g b 000 0 ara d
017 _a2017/27139
_bمصر. دار الكتب
020 _a9789770485613
040 _aEG-CaGPL
_cEG-CaGPL
082 0 4 _221
_a338.064/
_bأ إ
100 0 _aاحمد مصطفى محمد معبد
245 1 2 _aالاقتصاد الرقمى بين النظرية والتطبيق /
_cاحمد مصطفى محمد معبد
250 _aط.1
260 _aالقاهرة :
_bدار النهضة العربية،
_c2018.
300 _a237 ص. :
_bايض ؛
_c24 سم.
504 _aيشتمل على ارجاعات ببليوجرافية
650 0 7 _2qrmak
_aالاقتصاد
_xنظريان
651 _2qrmak
653 0 _aالاقتصاد الرقمى
942 _2ddc
_cBK